The rattans of Sabah
| Main Author: | |
|---|---|
| Format: | Book |
| Published: |
(Sandakan :
Forest Research Centre ,
1984)
|
| Series: | Sabah forest record; n.13
|
| Subjects: |
MARC
| LEADER | 00000cam a2200000 7i4500 | ||
|---|---|---|---|
| 001 | 0000000360 | ||
| 005 | 20000804.0 | ||
| 090 | 0 | 0 | |a 633.580959521 |b DRA 1984 |
| 100 | 1 | 0 | |a DRANSFIELD |h John |
| 245 | 1 | 4 | |a The rattans of Sabah |c John Dransfield |
| 260 | 0 | 0 | |a (Sandakan : |b Forest Research Centre , |c 1984) |
| 300 | |a v, 182 p. : |b ill. ; |c 26 cm. | ||
| 440 | 0 | 0 | |a Sabah forest record; n.13 |
| 650 | 0 | 0 | |a Rattan |z Sabah |
| 999 | |a 0000000049 |b Monograph |c Open Shelf |e Default branch | ||
| 999 | |a 0000001798 |b Monograph |c Reference |e Default branch | ||